000 00522nam a2200145Ia 4500
008 151213s9999 xx 000 0 und d
100 _aআজহার উদ্দিন খান।
245 _aগ্যেটে ও বাংলা সাহিত্য।
_cআজহার উদ্দিন খান।
260 _aকোলকাতা
_c1989
300 _a8528 p.
650 _aBengali Literature
650 _aBengali Literature
700 _aআজহার উদ্দিন খান।
999 _c4365
_d4365